Experimental and numerical investigations of water hammer analysis in pipeline; Интеллектуальная энергетика

Λεπτομέρειες βιβλιογραφικής εγγραφής
Parent link:Интеллектуальная энергетика.— 2024.— С. 257-259
Κύριος συγγραφέας: Ruan S.
Άλλοι συγγραφείς: Mamonova T. E. Tatiana Egorovna
Περίληψη:Текстовый файл
Γλώσσα:Αγγλικά
Έκδοση: 2024
Θέματα:
Διαθέσιμο Online:http://earchive.tpu.ru/handle/11683/84286
Μορφή: Ηλεκτρονική πηγή Κεφάλαιο βιβλίου
KOHA link:https://koha.lib.tpu.ru/cgi-bin/koha/opac-detail.pl?biblionumber=678544

MARC

LEADER 00000naa2a2200000 4500
001 678544
005 20250217111313.0
090 |a 678544 
100 |a 20250210d2024 k||y0rusy50 ba 
101 0 |a eng 
102 |a RU 
135 |a drcn ---uucaa 
200 1 |a Experimental and numerical investigations of water hammer analysis in pipeline  |f Ruan S., Mamonova T. E. 
283 |2 RDAcarrier 
320 |a References: 8 tit 
336 |a Текстовый файл 
463 |0 678467  |9 678467  |t Интеллектуальная энергетика  |o сборник трудов II Всероссийской научно-практической конференции, Томск, 12–14 ноября 2024 г.  |d 2024  |c Томск  |n Изд-во ТПУ  |v С. 257-259  |u conference_tpu-2024-C136.pdf 
545 1 |a Цифровые технологии в прикладных задачах энергетики 
610 1 |a труды учёных ТПУ 
610 1 |a электронный ресурс 
610 1 |a hydraulic shock 
700 1 |a Ruan  |b S. 
701 1 |a Mamonova  |b T. E.  |c specialist in the field of Informatics and computer engineering  |c Associate Professor of Tomsk Polytechnic University, candidate of technical sciences  |f 1983-  |g Tatiana Egorovna  |9 17347 
801 0 |a RU  |b 63413507  |c 20250210 
850 |a 63413507 
856 4 |u http://earchive.tpu.ru/handle/11683/84286  |z http://earchive.tpu.ru/handle/11683/84286 
942 |c CF